000 01403nam0a22003011 4500
001 rc\4823143
005 20130426140550.2
021 _aRU
_b[62-83897]
035 _a(NLR Aleph) 008883845
090 _a8598978
_c8598978
100 _a20130426d1962 |||y0rusy50 ca
101 0 _arus
102 _aRU
105 _aa z |||||
200 1 _aНовые материалы для изготовления одежды и особенности их обработки в швейной промышленности
_fНауч.-техн. о-во легкой пром-сти. Обществ. ун-т
210 _aМосква
_cРостехиздат
_d1962
215 _a48 с.
_cил.
_d22
225 1 _aИз цикла заочных лекций по новой технике и технологии в швейной промышленности
300 _aПеред загл. авт.: канд. техн. наук А.М. Шпаер, инж. З.А. Лалиашвили
320 _aБиблиогр. в конце книги (14 назв.)
606 _aТкани (текстил.) синтетические
_2psbo
700 1 _aШпаер
_bА. М.
_gАнна Мироновна
701 1 _aЛалиашвили
_bЗ. А.
_gЗинаида Александровна
801 0 _aRU
_bNLR
_gpsbo
801 1 _aRU
_bELAR
_2rusmarc
852 _aNLR
_j62-6/12705
942 _cBOOK
980 _aNB